[Event "2. Bundesliga Mitte (11)"]
[Site "?"]
[Date "2005.04.03"]
[Round "11.2"]
[White "Markus, Robert"]
[Black "Heimberger, Reinhard"]
[Result "1/2-1/2"]
[WhiteElo "2555"]
[BlackElo "2315"]
[PlyCount "126"]
[EventDate "2005.??.??"]
[SourceDate "2005.04.02"]

1. d4 d5 2. c4 c6 3. Nc3 Nf6 4. e3 e6 5. Nf3 Nbd7 6. Bd3 dxc4 7. Bxc4 b5 8. Bd3
a6 9. e4 c5 10. d5 e5 11. O-O Bd6 12. b3 O-O 13. a4 b4 14. Ne2 a5 15. Ng3 Nb6
16. Nd2 Bd7 17. Nc4 Nxc4 18. Bxc4 Qb6 19. Be3 Rfc8 20. Qe2 Bf8 21. f4 Bd6 22.
f5 Rc7 23. Rac1 Bc8 24. Rc2 Ba6 25. Rfc1 Bxc4 26. Qxc4 Rac8 27. Nf1 Bf8 28. Nd2
Ng4 29. Qe2 Nxe3 30. Qxe3 f6 31. Nc4 Qa7 32. d6 Rc6 33. Rd1 Rd8 34. Rcd2 g6 35.
Rd5 Rd7 36. Qf2 Bg7 37. R1d3 g5 38. Qe2 Bf8 39. h4 gxh4 40. Qg4+ Bg7 41. Qxh4
Qb8 42. Kh2 Qd8 43. Qf2 Qb8 44. Nxa5 Rcxd6 45. Qxc5 Rxd5 46. Rxd5 Rc7 47. Qe3
Qe8 48. Nc4 Qh5+ 49. Kg1 Bh6 50. Qf3 Qh4 51. g3 Qh3 52. Rd3 Bf8 53. Qg2 Bc5+
54. Kf1 Qg4 55. Qh1 Qg5 56. Rd8+ Kg7 57. Qf3 Bd4 58. Ke2 Kf7 59. Qh1 Qg4+ 60.
Kd2 Kg7 61. Qg2 Qg5+ 62. Kd1 Qg4+ 63. Kc2 h5 1/2-1/2

[Event "2. Bundesliga Mitte (11)"]
[Site "?"]
[Date "2005.04.03"]
[Round "11.1"]
[White "Steflitsch, Erich"]
[Black "Dervishi, Erald"]
[Result "1/2-1/2"]
[WhiteElo "2367"]
[BlackElo "2502"]
[PlyCount "118"]
[EventDate "2005.??.??"]
[SourceDate "2005.04.02"]

1. e4 e5 2. Nf3 Nc6 3. Bb5 a6 4. Ba4 Nf6 5. O-O Be7 6. Re1 b5 7. Bb3 d6 8. c3
O-O 9. h3 Bb7 10. d4 Re8 11. Nbd2 Bf8 12. a3 g6 13. Ba2 Bg7 14. d5 Ne7 15. b4
c6 16. c4 h6 17. Bb2 Rc8 18. c5 cxd5 19. cxd6 Qxd6 20. Bxe5 Qc6 21. Nb3 Nxe4
22. Na5 Qb6 23. Bd4 Bxd4 24. Qxd4 Qxd4 25. Nxd4 Ba8 26. Rac1 Kf8 27. Bb3 Nd6
28. a4 Rxc1 29. Rxc1 Nef5 30. Nxf5 Nxf5 31. axb5 axb5 32. Rc5 Rd8 33. Rxb5 d4
34. Bc2 Nd6 35. Rb6 Ke7 36. Bd3 Rc8 37. Nb3 Rc3 38. Nc5 Bd5 39. Ra6 Bc4 40.
Ra7+ Kf6 41. Rd7 Bxd3 42. Rxd6+ Ke5 43. Rd7 Bf5 44. f4+ Kxf4 45. Rxd4+ Ke3 46.
Rd8 h5 47. Kh2 Rc2 48. Rf8 Kf2 49. Rd8 Kf1 50. Rd1+ Ke2 51. Rd4 Ke3 52. Rd8 Rc4
53. Rf8 Rxb4 54. Rxf7 Rb2 55. Re7+ Kd4 56. Ne6+ Kd5 57. Ng5 Bd3 58. Rd7+ Kc4
59. Nf3 Re2 1/2-1/2

[Event "2. Bundesliga Mitte (11)"]
[Site "?"]
[Date "2005.04.03"]
[Round "11.4"]
[White "Krebs, Johann"]
[Black "Linhart, Wolfgang"]
[Result "1-0"]
[WhiteElo "2209"]
[BlackElo "2262"]
[PlyCount "113"]
[EventDate "2005.??.??"]
[SourceDate "2005.04.02"]

1. d4 Nf6 2. Nf3 g6 3. c4 Bg7 4. g3 c6 5. Bg2 d5 6. O-O O-O 7. cxd5 cxd5 8. Nc3
e6 9. Ne5 Nfd7 10. f4 f6 11. Nd3 Nc6 12. e3 Kh8 13. b3 a6 14. Ba3 Re8 15. Rc1
Bf8 16. Bxf8 Rxf8 17. Rf2 Qe7 18. Na4 a5 19. Qc2 Rd8 20. Ndc5 Nb4 21. Qd2 Rb8
22. a3 Nc6 23. Qc3 b5 24. Nxd7 Bxd7 25. Nc5 b4 26. axb4 Nxb4 27. Qa1 Ra8 28.
Bf1 Rdb8 29. h4 Be8 30. g4 f5 31. g5 h5 32. Qa3 Kg7 33. Nd3 Kh7 34. Ne5 Ra7 35.
Rb2 Kg7 36. Rbb1 Nc6 37. Qxe7+ Nxe7 38. Rc5 a4 39. b4 Rab7 40. b5 Nc8 41. Rbc1
Nd6 42. Rc7+ Kf8 43. Rxb7 Rxb7 44. Ra1 Ra7 45. Bd3 Nxb5 46. Bxb5 Bxb5 47. Nxg6+
Kg7 48. Ne5 Rc7 49. Kf2 Rc2+ 50. Kf3 Rc3 51. Rb1 Rb3 52. Rc1 a3 53. Rc7+ Kg8
54. Ra7 Bc4 55. Nd7 a2 56. Nf6+ Kf8 57. g6 1-0

[Event "2. Bundesliga Mitte (11)"]
[Site "?"]
[Date "2005.04.03"]
[Round "11.4"]
[White "Bachler, Reinhard"]
[Black "Waldmann, Gerald"]
[Result "1/2-1/2"]
[WhiteElo "2237"]
[BlackElo "2162"]
[PlyCount "128"]
[EventDate "2005.??.??"]
[SourceDate "2005.04.02"]

1. f4 e5 2. fxe5 d6 3. exd6 Bxd6 4. Nf3 Nc6 5. e4 g5 6. g3 h5 7. Bb5 h4 8. d4
g4 9. Bg5 f6 10. Bxh4 gxf3 11. Qxf3 Bd7 12. c3 Qe7 13. Nd2 O-O-O 14. O-O-O Qg7
15. h3 Rf8 16. Rdf1 a6 17. Bd3 Qh6 18. Kc2 Qh5 19. Nc4 Be7 20. Ne3 Qa5 21. Kb1
Be6 22. Nc4 Bxc4 23. Bxc4 Nh6 24. Be6+ Kb8 25. Rh2 Nf7 26. Bxf7 Rxf7 27. Rhf2
Rhf8 28. Qf5 Qb6 29. Qe6 Qb5 30. Kc2 Qa4+ 31. Qb3 Qa5 32. Rf5 Qb6 33. Qxb6 cxb6
34. e5 Nd8 35. exf6 Bd6 36. R1f3 Rh8 37. Kd3 Ne6 38. Ke2 Nf8 39. Rg5 Ne6 40.
Rg6 Rh5 41. Re3 Nf4+ 42. gxf4 Rxh4 43. Re8+ Kc7 44. Rg7 Rh7 45. Reg8 Kc6 46.
Kf3 Kd5 47. Rxh7 Rxh7 48. Kg4 Ke6 49. Kg5 Rxh3 50. f5+ Kf7 51. Rg7+ Kf8 52.
Rxb7 Rg3+ 53. Kh4 b5 54. Rb6 Bf4 55. Rxa6 Rg2 56. b3 Kf7 57. a4 bxa4 58. bxa4
Bg5+ 59. Kh3 Rc2 60. Kg4 Bxf6 61. Ra7+ Ke8 62. Rc7 Bxd4 63. a5 Rxc3 64. Rxc3
Bxc3 1/2-1/2

[Event "2. Bundesliga Mitte (11)"]
[Site "?"]
[Date "2005.04.03"]
[Round "11.3"]
[White "Zechner, Gernot"]
[Black "Benda, Herbert"]
[Result "1/2-1/2"]
[WhiteElo "2211"]
[BlackElo "2356"]
[PlyCount "104"]
[EventDate "2005.??.??"]
[SourceDate "2005.04.02"]

1. d4 d5 2. c4 c6 3. Nf3 Nf6 4. Nc3 e6 5. Bg5 Nbd7 6. cxd5 exd5 7. e3 Bb4 8.
Bd3 Qa5 9. Qc2 h6 10. Bh4 O-O 11. O-O Re8 12. a3 Bxc3 13. bxc3 c5 14. c4 dxc4
15. Bxc4 b5 16. Be2 Bb7 17. Bxf6 Nxf6 18. Qxc5 a6 19. Rfc1 Rac8 20. Qd6 Red8
21. Qe7 Bd5 22. h3 Ne4 23. Qb4 Qxb4 24. axb4 Nc3 25. Bf1 Na2 26. Rxc8 Rxc8 27.
e4 Bb3 28. Nd2 Nc1 29. Rxa6 Bc4 30. Nxc4 bxc4 31. Ra1 Nb3 32. Rd1 c3 33. Bd3 c2
34. Bxc2 Rxc2 35. b5 Rc4 36. d5 Kf8 37. f3 Rb4 38. Kh2 Rxb5 39. Kg3 Ke7 40. Kf4
Nc5 41. h4 Rb3 42. h5 Rb2 43. g4 Rb3 44. Ra1 Kf6 45. e5+ Ke7 46. Ra7+ Nb7 47.
g5 hxg5+ 48. Kxg5 Ke8 49. Ra8+ Nd8 50. f4 Rb5 51. d6 Kd7 52. Ra7+ Nb7 1/2-1/2

[Event "2. Bundesliga Mitte (11)"]
[Site "?"]
[Date "2005.04.03"]
[Round "11.4"]
[White "Genser, Harald"]
[Black "Rolletschek, Heinrich"]
[Result "1-0"]
[WhiteElo "2298"]
[BlackElo "2313"]
[PlyCount "151"]
[EventDate "2005.??.??"]
[SourceDate "2005.04.02"]

1. d4 g6 2. e4 Bg7 3. Nc3 d6 4. Be3 e5 5. Qd2 Nd7 6. Nge2 Ngf6 7. f3 c6 8.
O-O-O Qe7 9. g4 a6 10. Ng3 h5 11. g5 Nh7 12. h4 f6 13. gxf6 Bxf6 14. Qh2 Ndf8
15. d5 c5 16. Be2 Bd7 17. Rdg1 Kd8 18. Nf1 b5 19. Nd1 Be8 20. c4 Nd7 21. Bd2
Kc8 22. Nfe3 Nb6 23. Kb1 Nf8 24. Nc3 b4 25. Ncd1 Bg7 26. Nf1 Bh6 27. Bxh6 Rxh6
28. Nfe3 Rh7 29. Nf2 Qf6 30. Qg3 Bd7 31. Nd3 Kc7 32. Rf1 Qe7 33. f4 exf4 34.
Rxf4 Kb7 35. Rhf1 Re8 36. Qf3 Bg4 37. Qg2 Bxe2 38. Qxe2 Nfd7 39. Qg2 Rg7 40. e5
Nxe5 41. Re4 Nbd7 42. a3 bxa3 43. bxa3 Qd8 44. Nxe5 Nxe5 45. Ka2 Ka7 46. Rb1
Rb7 47. Rxb7+ Kxb7 48. Qb2+ Qb6 49. Qxb6+ Kxb6 50. Ng2 Rf8 51. Nf4 Rf6 52. Kb3
Nf3 53. Kc2 Nxh4 54. Nxh5 gxh5 55. Rxh4 Rh6 56. Kb3 Ka5 57. Ka2 Ka4 58. Kb2 a5
59. Kc3 Rg6 60. Rxh5 Kxa3 61. Rh3 a4 62. Re3 Rg1 63. Re6 Rg3+ 64. Kc2 Kb4 65.
Rxd6 Kxc4 66. Kb2 a3+ 67. Ka2 Rd3 68. Rh6 Kxd5 69. Rh4 c4 70. Rg4 Kc5 71. Rg8
Kd4 72. Rc8 Kc3 73. Rc7 Rd8 74. Rc6 Kd3 75. Rh6 c3 76. Kb3 {
Schwarz fiel die Klappe daher...} 1-0